| 000 | 00335nam a22001217a 4500 | ||
|---|---|---|---|
| 999 |
_c158124 _d158124 |
||
| 082 |
_a _b |
||
| 245 |
_aDocuments on india's role in Afro - Asian liberation movement: _bGoa, Daman and Diu (v.6)/ _cby Deora (ed.). |
||
| 260 |
_aNew Delhi: _bDiscovery, _c1994. |
||
| 300 | _a423p. | ||
| 650 | _a | ||
| 700 | _aDeora (ed.) | ||
| 942 | _cBK | ||